Sports Quiz

Random Sports or Basketball Quiz

ESPN Top 25 NBA players under 25 Quiz Stats

 Plays Quiz not verified by Sporcle

Score 0/25 Timer 04:00
1 Play Today
Rank Player % Correct
1Kevin Durant
98.9%
2Derrick Rose
98.1%
6Russell Westbrook
97.3%
5Blake Griffin
92.9%
3Kevin Love
92.1%
10John Wall
89.7%
9Kyrie Irving
86.8%
14Stephen Curry
84.5%
8James Harden
78.8%
4Andrew Bynum
77.3%
13DeMarcus Cousins
74%
16Ricky Rubio
70.7%
20Serge Ibaka
70.5%
Rank Player % Correct
17Brandon Jennings
65.1%
23Tyreke Evans
61.8%
11Ty Lawson
58.7%
18Mike Conley Jr
57.5%
7Greg Monroe
56.3%
25Brook Lopez
54.3%
15Danilo Gallinari
48.1%
24Jrue Holiday
47%
19JaVale McGee
43.2%
22Thaddeus Young
38.9%
21Nicolas Batum
33.7%
12DeJuan Blair
33.1%

You're not logged in!

Compare scores with friends on all Sporcle quizzes.
OR
Log In

Show Comments

Extras

Top Quizzes Today


Score Distribution

Your Account Isn't Verified!

In order to create a playlist on Sporcle, you need to verify the email address you used during registration. Go to your Sporcle Settings to finish the process.

Report this User

Report this user for behavior that violates our Community Guidelines.

Details: